Psychology of Education/ (Record no. 171907)

MARC details
000 -LEADER
fixed length control field 00608nam a2200193 4500
005 - DATE AND TIME OF LATEST TRANSACTION
control field 20200123121902.0
010 ## - LCCN (DPL NO)
LC control number ENG-127523
020 ## - INTERNATIONAL STANDARD BOOK NUMBER
Terms of availability 1395.00
International Standard Book Number 9789382730590
035 ## - SYSTEM CONTROL NUMBER
System control number EN-111055
037 ## - SOURCE OF ACQUISITION
Source of stock number/acquisition DBAD/PUB
082 ## - DEWEY DECIMAL CLASSIFICATION NUMBER
Classification number 370.15
100 ## - MAIN ENTRY--PERSONAL NAME
Personal name Tambe,Shashikant L.
245 ## - TITLE STATEMENT
Title Psychology of Education/
Statement of responsibility, etc by Shashikant L. Tambe,
260 ## - PUBLICATION, DISTRIBUTION, ETC. (IMPRINT)
Place of publication, distribution, etc Kanpur
Name of publisher, distributor, etc Garima Prakashan
Date of publication, distribution, etc 2017
270 ## - ADDRESS
Address 1st floor, Mayur Park, Basant Vihar Naubasta
City Kanpur
Postal code 208021
300 ## - PHYSICAL DESCRIPTION
Extent vi;328p.
Dimensions 22cm(pbk)
500 ## - GENERAL NOTE
General note includes bibliographical references and index
942 ## - ADDED ENTRY ELEMENTS (KOHA)
Source of classification or shelving scheme Dewey Decimal Classification
Item type English Books
Classification part 370.15
Call number suffix TAM
Holdings
Withdrawn status Lost status Not for loan Collection code Home library Current library Date acquired Source of acquisition Cost, normal purchase price Full call number Barcode Copy number Cost, replacement price Koha item type
      Non-fiction Sarojini Nagar Sarojini Nagar 23/01/2020 DBAD/PUB 1350.00 370.15 TAM EN-111055 1 1350.00 English Books

© Delhi Public Library
Hit Counter
free hit counter